Länder de l'Allemagne - Statistiques

Statistiques générales
  • Ce quiz a été pris 71 fois
  • Le résultat moyen est 10 sur 16
Statistiques - réponses
Capitale Land % Correct
Munich Bavière
89%
- Berlin
89%
- Hambourg
79%
Dresde Saxe
77%
Mayence Rhénanie-Palatinat
74%
Sarrebruck Sarre
70%
Stuttgart Bade-Wurtemberg
66%
- Brême
60%
Wiesbaden Hesse
60%
Kiel Schleswig-Holstein
60%
Hanovre Basse-Saxe
57%
Potsdam Brandebourg
55%
Düsseldorf Rhénanie-du-Nord-Westphalie
53%
Schwerin Mecklembourg-Poméranie-Occidentale
51%
Erfurt Thuringe
49%
Magdebourg Saxe-Anhalt
47%
Aucun quiz correspondant
Distribution des résultats
% des personnes avec chaque résultat
Percentile par nombre de réponses
Votre historique - résultats
Vous n’avez pas pris ce quiz